000 00356pab a2200145 454500
008 180718b2001 xxu||||| |||| 00| 0 eng d
100 _aKanwal, Gurmeet
245 _aCyber warfare: new threats in the information age
260 _c2001
300 _ap.6
362 _a10 Feb
650 _aInformation technology
773 _aStatesman
909 _a48651
999 _c48651
_d48651